书目信息 |
| 题名: |
股权众筹投资指南
|
|
| 作者: | 弗里德曼 , 纳丁 著 ;清控三联创业投资(北京)有限公司 译 | |
| 分册: | ||
| 出版信息: | 北京 清华大学出版社 2019 |
|
| 页数: | 29,347页 | |
| 开本: | 21cm | |
| 丛书名: | 清华五道口互联网金融丛书 | |
| 单 册: | ||
| 中图分类: | F275.1 | |
| 科图分类: | ||
| 主题词: | 企业融资--qi ye rong zi--研究 | |
| 电子资源: | ||
| ISBN: | 978-7-302-49676-2 | |
| 000 | 01947oam2 2200301 450 | |
| 001 | 2158014418 | |
| 005 | 20211011172911.0 | |
| 010 | @a978-7-302-49676-2@b精装@dCNY69.80 | |
| 100 | @a20200408d2019 em y0chiy50 ea | |
| 101 | 1 | @achi@ceng |
| 102 | @aCN@b110000 | |
| 105 | @ay z 000yy | |
| 106 | @ar | |
| 200 | 1 | @a股权众筹投资指南@Agu quan zhong chou tou zi zhi nan@e关于风险、收益、法规、筹资网站、尽职调查和交易条款@dEquity crowdfunding for investors@ea guide to risks, returns, regulations, runding portals, due diligence, and deal terms@f(美)戴维·弗里德曼(David M. Freedman),(美)马修·纳丁(Matthew R. Nutting)著@g清控三联创业投资(北京)有限公司译@zeng |
| 210 | @a北京@c清华大学出版社@d2019 | |
| 215 | @a29,347页@d21cm | |
| 225 | 2 | @a清华五道口互联网金融丛书@Aqing hua wu dao kou hu lian wang jin rong cong shu |
| 330 | @a本书是一本全面、客观的作品,指导如何在众筹中获得社会和财务回报。本书教个人投资者如何聪明地进行股权众筹投资,综合了激动人心的领先技术、创新的商业模式、令人激动的新品牌,以及全面、实操性的专业知识,包括投资者限制和要求、投资组合策略、交易条款等。读者们将会学会股权众筹的利弊,这样才能够做出明智的决定,以及在发现、研究、评估和购买有潜在赢利能力的创业公司时能够做出好的操作。 | |
| 461 | 0 | @12001 @a清华五道口互联网金融丛书 |
| 510 | 1 | @aEquity crowdfunding for investors@ea guide to risks, returns, regulations, runding portals, due diligence, and deal terms@zeng |
| 517 | 1 | @a关于风险、收益、法规、筹资网站、尽职调查和交易条款@Aguan yu feng xian shou yi fa gui chou zi wang zhan jin zhi tiao cha he jiao yi tiao kuan |
| 606 | 0 | @a企业融资@Aqi ye rong zi@x研究 |
| 690 | @aF275.1@v5 | |
| 701 | 0 | @c(美)@a弗里德曼@Afu li de man@c(Freedman, David M.)@4著 |
| 701 | 0 | @c(美)@a纳丁@Ana ding@c(Nutting, Matthew R.)@4著 |
| 712 | 02 | @a清控三联创业投资(北京)有限公司@Aqing kong san lian chuang ye tou zi (bei jing )you xian gong si@4译 |
| 801 | 0 | @aCN@b百万庄@c20211007 |
| 905 | @b1306541-44@dF275.1@e1804@f4 | |
| 股权众筹投资指南:关于风险、收益、法规、筹资网站、尽职调查和交易条款=Equity crowdfunding for investors:a guide to risks, returns, regulations, runding portals, due diligence, and deal terms/(美)戴维·弗里德曼(David M. Freedman),(美)马修·纳丁(Matthew R. Nutting)著/清控三联创业投资(北京)有限公司译.-北京:清华大学出版社,2019 |
| 29,347页;21cm.-(清华五道口互联网金融丛书) |
| ISBN 978-7-302-49676-2(精装):CNY69.80 |
| 本书是一本全面、客观的作品,指导如何在众筹中获得社会和财务回报。本书教个人投资者如何聪明地进行股权众筹投资,综合了激动人心的领先技术、创新的商业模式、令人激动的新品牌,以及全面、实操性的专业知识,包括投资者限制和要求、投资组合策略、交易条款等。读者们将会学会股权众筹的利弊,这样才能够做出明智的决定,以及在发现、研究、评估和购买有潜在赢利能力的创业公司时能够做出好的操作。 |
| ● |
| 相关链接 |
|
|
|
|
正题名:股权众筹投资指南
索取号:F275.1/1804
 
预约/预借
| 序号 | 登录号 | 条形码 | 馆藏地/架位号 | 状态 | 备注 |
| 1 | 1306541 | 213065412 | 第一样本阅览室/ [索取号:F275.1/1804] | 在馆 | |
| 2 | 1306542 | 213065421 | 第一借阅区/ [索取号:F275.1/1804] | 在馆 | |
| 3 | 1306543 | 213065430 | 第一借阅区/ [索取号:F275.1/1804] | 在馆 | |
| 4 | 1306544 | 213065449 | 第一借阅区/ [索取号:F275.1/1804] | 在馆 |